Begins and Ends with Same Letter Quiz Stats

 Plays Quiz Updated Mar 28, 2019

Score 0/55 Timer 09:00
1 Play Today
% Correct
Alabama
75.4%
Alaska
68.6%
Ohio
59.1%
Arizona
56.8%
Australia
56.2%
Argentina
44.9%
Austria
44.3%
Albania
43.1%
Neon
38.9%
Algeria
37.7%
Nixon
37.6%
Sagittarius
37.4%
Nitrogen
36.6%
Diamond
35.3%
Othello
35.3%
Taft
34.8%
Armenia
33.4%
Angola
31%
Andorra
29.9%
Magnesium
27.4%
Seahawks
26.8%
Oslo
26.5%
Saints
26.1%
Athena
25.2%
Steelers
22.7%
Spurs
22.6%
Suns
22.2%
The Tempest
16%
% Correct
Antigua and Barbuda
14.9%
Liverpool
13.4%
Warsaw
12%
Seychelles
11.9%
Molybdenum
11.1%
Ankara
10.7%
St. Kitts and Nevis
10.5%
Central African Republic
8.7%
Aston Villa
8.3%
Solomon Islands
8.3%
St. Vincent and the Grenadines
7.8%
Twelfth Night
7.8%
Addis Ababa
7.6%
Mendelevium
7.2%
Accra
5.8%
Licence to Kill
5.4%
Andorra la Vella
5.3%
Antony and Cleopatra
5%
Moscovium
4.5%
Abuja
4.3%
Meitnerium
4.2%
Apia
3.7%
Charlton Athletic
3.1%
Asmara
2.9%
Tashkent
2.2%
St. John's
2%
St. George's
1.7%

You're not logged in!

Compare scores with friends on all Sporcle quizzes.
OR
Log In

Sporcle TV

Today on Sporcle TV


Watch our educational content, quiz creation guides, and fun videos on Sporcle TV.

Show Comments

Extras

Top Quizzes Today


Score Distribution

Your Account Isn't Verified!

In order to create a playlist on Sporcle, you need to verify the email address you used during registration. Go to your Sporcle Settings to finish the process.

Report this User

Report this user for behavior that violates our Community Guidelines.

Details: